Name Every Current NFL Quarterback - Statistics

General Stats
  • This quiz has been taken 33 times
  • The average score is 35 of 91
Answer Stats
Answer % Correct
Josh Allen
92%
Patrick Mahomes
92%
Lamar Jackson
88%
Brock Purdy
85%
Tua Tagovailoa
77%
Jared Goff
73%
Kyle Allen
73%
Aaron Rodgers
69%
Baker Mayfield
69%
Brandon Allen
69%
Dak Prescott
69%
Jordan Love
69%
Russell Wilson
69%
C.J. Stroud
65%
Mac Jones
65%
Jalen Hurts
62%
Kyler Murray
62%
Matthew Stafford
62%
Derek Carr
58%
Geno Smith
58%
Jimmy Garoppolo
58%
Joe Flacco
58%
Trevor Lawrence
58%
Sam Darnold
54%
Justin Fields
50%
Sam Howell
50%
Bryce Young
46%
Desmond Ridder
46%
Kenny Pickett
46%
Tommy DeVito
46%
Tyler Huntley
46%
Anthony Brown
42%
Bailey Zappe
42%
Drew Lock
42%
Easton Stick
42%
Gardner Minshew
42%
Jameis Winston
42%
Ryan Tannehill
42%
Aidan O'Connell
38%
Andy Dalton
38%
Carson Wentz
38%
Jacoby Brissett
38%
Jake Browning
38%
Joshua Dobbs
38%
Trey Lance
38%
Tyrod Taylor
38%
Cooper Rush
35%
Davis Mills
35%
Josh Johnson
35%
Marcus Mariota
35%
Mason Rudolph
35%
Mitch Trubisky
35%
Taylor Heinicke
35%
Teddy Bridgewater
35%
Blaine Gabbert
31%
Jarrett Stidham
31%
Kyle Trask
31%
Mike White
31%
PJ Walker
31%
Skylar Thompson
31%
Will Levis
31%
Brian Hoyer
27%
Case Keenum
27%
Trevor Siemian
27%
Tyson Bagent
27%
C.J. Beathard
23%
Clayton Tune
23%
Hendon Hooker
23%
Malik Willis
23%
Ben DiNucci
19%
Jaren Hall
19%
Malik Cunningham
19%
Nick Mullens
19%
Taysom Hill
19%
Brett Rypien
15%
Jeff Driskel
15%
John Wolford
15%
Nathan Peterman
15%
Jacob Eason
12%
Jake Fromm
12%
Max Duggan
12%
Sam Ehlinger
12%
Sean Clifford
12%
Jake Haener
8%
Nathan Rourke
8%
Tanner McKee
8%
Will Grier
8%
AJ McCarron
4%
Dresser Winn
4%
Logan Woodside
4%
Matt Barkley
4%
No matching quizzes found
Score Distribution
Percent of People with Each Score
Percentile by Number Answered
Your Score History
You have not taken this quiz